01428cam a22003615a 4500001001000000003000400010005001700014008004100031020001800072020001500090040004000105042001600145082001900161100004000180245011300220250003100333260004800364300004500412490003600457500002800493500002000521500002200541504004200563650003300605651001000638653002400648700003600672700004000708942000800748999001700756952015300773952014000926017133235OSt20161129111628.0150326t2016 nyua frbd 001 0 eng d a9781259254109 a1259254100 aStDuBDSbengcStDuBDSdUkdEG-ScBUE aukblcatcopy04a338.5bFRA2221 93237aFrank, Robert H. 10aPrinciples of microeconomics /cRobert H. Frank ... [et al.] ; with special contribution by Per J. Norander. a6th ed., international ed. aNew York :bMcGraw-Hill Education,cc.2016. a1 v. (various pagings) :bill. ;c28 cm.0 aMcGraw-Hill series in economics aPrevious edition: 2013. aIncludes index. aIncludes glossary aIncludes bibliographical references.  7aMicroeconomics.2BUEsh95599 2BUEsh bBUSECOcOctober20161 aNorander, Per J.,econtributor.1 93237aFrank, Robert H.  2ddc c22548d22520 00102ddc40708AcademicaMAINbMAINc1STd2016-10-12ePurchaseg588.00h9132l1o338.5 FRAp000034038r2025-07-15 00:00:00s2017-02-14v735.00yBB 00102ddc40708BaccahaMAINbMAINc1STd2016-10-31ePurchaseg480.00h25140l0o338.5 FRAp000034607r2025-07-15 00:00:00v600.00yBB